00650 2200193 4500001002100000005001500021035002000036245006700056100001000123250001000133300002100143700001200164260003800176082000800214084001400222020002200236650001400258520018400272INLIS00000000000055820210420100848 a0010-04210001051 aHidroponik Sayuran :bUntuk Hobi dan Bisnis /cKunto Herwibowo0 aKunto acet.6 a132hal. :bilus.0 aBudiana aJakarta :bPenebar Swadaya,c2019 a635 a635 KUN h a978-979-002-660-9 4aTeknologi aHidroponik identik dengan bududaya yang sulit. Investasinya juga mahal. Ternyata tidak selalu seperti itu. Kini, teknologi bercocok tanam tanpa tanah itu sudah sedemikian populer.